000 02357cam a2200361 a 4500
001 16943849
003 ARRUPE
005 20140530110316.0
008 110901s2012 nyu b 001 0 eng
010 _a 2011037015
020 _a9780823233823 (cloth : alk. paper)
040 _aDLC
_cDLC
_dDLC
042 _apcc
043 _af-sa---
050 0 0 _aKTL440
_b.U28 2012
082 0 0 _a349.68
_223
245 0 0 _auBuntu and the law :
_bAfrican ideals and postapartheid jurisprudence /
_cedited by Drucilla Cornell and Nyoko Muvangua.
250 _a1st ed.
260 _aNew York :
_bFordham University Press,
_c2012.
300 _axii, 466 p. ;
_c24 cm.
490 0 _aJust Ideas
504 _aIncludes bibliographical references (p. [405]-451) and index.
505 0 0 _auBuntu, restorative justice, and the constitutional court -- uBuntu under the interim constitution: life, death, and uBuntu -- Horizontality, reconciliation, and uBuntu -- Amnesty, reconciliation, and uBuntu -- uBuntu, socioeconomic rights, and personhood -- uBuntu and entitlement -- uBuntu and key aspects of living : customary law -- uBuntu and the right to culture -- Towards the liberation and revitalization of customary law / Albie Sachs -- uBuntu and the law in South Africa / Yvonne Mokgoro -- A call for a nuanced constitutional jurisprudence : South Africa, uBuntu, dignity, and reconciliation / Drucilla Cornell -- Doing things with values : the case of uBuntu / Irma J. Kroeze -- Exploring uBuntu : tentative reflections / Drucilla Cornell and Karin van Marle -- Some thoughts on the uBuntu jurisprudence of the Constitutional Court / Narnia Bohler-Müller -- The reemergence of uBuntu : a critical analysis / Thino Bekker -- African customary law in South Africa : the many faces of Bhe v. Magistrate Khayelitsha / Chuma Himonga.
650 0 _aLaw
_zSouth Africa
_xPhilosophy.
_910475
650 0 _aPost-apartheid era
_zSouth Africa.
_910476
650 0 _aCustomary law
_zSouth Africa.
_910477
650 0 _aUbuntu (Philosophy)
_910478
700 1 _aMuvangua, Nyoko.
_910479
700 1 _aCornell, Drucilla.
_910480
906 _a7
_bcbc
_corignew
_d1
_eecip
_f20
_gy-gencatlg
942 _2lcc
_cMONOGRAPH
999 _c120576
_d120576